| 000 | 00431pab a2200157 454500 | ||
|---|---|---|---|
| 008 | 180718b1988 xxu||||| |||| 00| 0 eng d | ||
| 100 | _aChalamwong, Yongyuth | ||
| 245 |
_aThe impact of landownership security _bTheory and evidence from Thailand |
||
| 260 | _c1988 | ||
| 300 | _a187-204 | ||
| 362 | _aMay | ||
| 650 | _aFarm Ownership - Thailand | ||
| 700 | _aGershon Feder | ||
| 773 | _aWorld Bank Economic Review | ||
| 909 | _a8094 | ||
| 999 |
_c8094 _d8094 |
||